The Utopia of World Community (Record no. 20090)

MARC details
000 -LEADER
fixed length control field 00275nam a22001217a 4500
082 ## - DEWEY DECIMAL CLASSIFICATION NUMBER
Classification number 270.82 BEN
100 ## - MAIN ENTRY--AUTHOR NAME
Author name Bent, A J Van Der
245 ## - TITLE STATEMENT
Title The Utopia of World Community
260 ## - PUBLICATION, DISTRIBUTION, ETC. (IMPRINT)
Place of publication U.K.
Name of publisher S C M Press ltd
Year of publication 1973
300 ## - PHYSICAL DESCRIPTION
Number of Pages 150
650 ## - SUBJECT ADDED ENTRY--TOPICAL TERM
Topical Term Ecumenicalism
942 ## - ADDED ENTRY ELEMENTS (KOHA)
Koha item type Books
Holdings
Home library Current library Date acquired Source of acquisition Cost, normal purchase price Full call number Accession Number Koha item type
Henry Martyn Institute Library Henry Martyn Institute Library 04/20/2016 Mr Christoph Wildfang 0.00 270.82 BEN 11003366 Books
                   Copyright © 2026 | Henry Martyn Institute | Hyderabad | TS-500052 | INDIA | Implemented by hmi.edu.in
Hit-Count:

Powered by Koha